Statistics for 仮称の駅名→現在の駅名

Click here to take the quiz!

General Stats

  • This quiz has been taken 63 times
    (45 since last reset)
  • The average score is 22 of 50

Answer Stats

開業前仮称現駅名事業者所属県% Correct
東六本木六本木一丁目東京地下鉄東京都
100%
勝田台東葉勝田台東葉高速鉄道千葉県
100%
西越中島越中島東日本旅客鉄道東京都
100%
新八丁堀八丁堀東日本旅客鉄道東京都
100%
第1ターミナル成田空港京成電鉄千葉県
100%
下石井石井智頭急行兵庫県
100%
多摩中央京王多摩センター京王電鉄東京都
100%
磐田新御厨東海旅客鉄道静岡県
100%
草津市南部新南草津西日本旅客鉄道滋賀県
100%
市役所前京都市役所前京都市交通局京都府
100%
北馬橋新松戸東日本旅客鉄道千葉県
100%
宮崎宮崎台東急電鉄神奈川県
100%
天王洲天王洲アイル東京臨海高速鉄道東京都
100%
多摩中央小田急多摩センター小田急電鉄東京都
100%
門司港九州鉄道記念館平成筑豊鉄道福岡県
100%
梶ヶ谷梶が谷東急電鉄神奈川県
100%
新座しんざ北越急行新潟県
100%
駒沢公園駒沢大学東急電鉄東京都
100%
大橋池尻池尻大橋東急電鉄東京都
100%
下総大野市川大野東日本旅客鉄道千葉県
100%
幕張新都心拡大地区新幕張豊砂東日本旅客鉄道千葉県
100%
あいの里あいの里教育大北海道旅客鉄道北海道
100%
松戸競輪場前北松戸東日本旅客鉄道千葉県
100%
JR夙川さくら夙川西日本旅客鉄道兵庫県
100%
南長岡京市西山天王山阪急電鉄京都府
100%
JR桂桂川西日本旅客鉄道京都府
100%
汐見橋桜川阪神電気鉄道大阪府
100%
北大津大津京西日本旅客鉄道滋賀県
100%
溜池溜池山王東京地下鉄東京都
100%
下飯田ゆめが丘相模鉄道神奈川県
100%
南森町大阪天満宮西日本旅客鉄道大阪府
100%
福島新福島西日本旅客鉄道大阪府
100%
新幕張海浜幕張東日本旅客鉄道千葉県
100%
元浅草新御徒町首都圏新都市鉄道東京都
100%
新浅草浅草首都圏新都市鉄道東京都
100%
魚崎南南魚崎神戸新交通兵庫県
100%
羽沢羽沢横浜国大東日本旅客鉄道神奈川県
100%
加美新加美西日本旅客鉄道大阪府
100%
流山新市街地流山おおたかの森首都圏新都市鉄道千葉県
100%
七戸七戸十和田東日本旅客鉄道青森県
100%
笹島ささしまライブ名古屋臨海高速鉄道愛知県
100%
日比谷有楽町東京地下鉄東京都
100%
戸越戸越銀座東急電鉄東京都
100%
新黒部黒部宇奈月温泉西日本旅客鉄道富山県
100%
雑司ケ谷雑司が谷東京地下鉄東京都
100%
お茶の水新御茶ノ水東京地下鉄東京都
100%
高島平七丁目新高島平東京都交通局東京都
100%
新神楽坂牛込神楽坂東京都交通局東京都
100%
豊洲(2)新豊洲ゆりかもめ東京都
100%
虎ノ門新虎ノ門ヒルズ東京地下鉄東京都
100%
成増地下鉄成増東京地下鉄東京都
100%
千代崎ドーム前千代崎大阪市高速電気軌道大阪府
100%
県庁前日本大通り横浜高速鉄道神奈川県
100%
青少年公園愛・地球博記念公園愛知高速交通愛知県
100%
有明北有明テニスの森ゆりかもめ東京都
100%
新宿七丁目東新宿東京地下鉄東京都
100%
国立競技場前国立競技場東京都交通局東京都
100%
清澄清澄白河東京地下鉄東京都
100%
上トマムトマム北海道旅客鉄道北海道
100%
喜連喜連瓜破大阪市高速電気軌道大阪府
100%
空港那覇空港沖縄都市モノレール沖縄県
100%
代々木八幡代々木公園東京地下鉄東京都
100%
原宿明治神宮前東京地下鉄東京都
100%
新東ターミナル羽田空港第2ターミナル東京モノレール東京都
100%
国際線ターミナルビル羽田空港第3ターミナル東京モノレール東京都
100%
野江JR野江西日本旅客鉄道大阪府
100%
俊徳道JR俊徳道西日本旅客鉄道大阪府
100%
淡路JR淡路西日本旅客鉄道大阪府
100%
整備場前芝山千代田芝山鉄道千葉県
86%
大森大森台京成電鉄千葉県
86%
流山運動公園流山セントラルパーク首都圏新都市鉄道千葉県
86%
印西草深印西牧の原北総鉄道千葉県
86%
成田ニュータウン北成田湯川京成電鉄千葉県
86%
新安中安中榛名東日本旅客鉄道群馬県
83%
野田阪神海老江西日本旅客鉄道大阪府
83%
西幕張幕張本郷東日本旅客鉄道千葉県
83%
東品川品川シーサイド東京臨海高速鉄道東京都
83%
須磨海浜公園前須磨海浜公園西日本旅客鉄道兵庫県
80%
西新宿都庁前東京都交通局東京都
80%
松代まつだい北越急行新潟県
80%
赤土小学校赤土小学校前東京都交通局東京都
80%
はなみずきはなみずき通愛知高速交通愛知県
80%
葛西沖葛西臨海公園東日本旅客鉄道東京都
80%
三河三河安城東海旅客鉄道愛知県
80%
営団西新宿西新宿東京地下鉄東京都
80%
蓮沼本蓮沼東京都交通局東京都
80%
多賀城政庁国府多賀城東日本旅客鉄道宮城県
80%
千原台ちはら台京成電鉄千葉県
80%
豊水豊水すすきの札幌市交通局北海道
80%
新河戸あき亀山西日本旅客鉄道広島県
80%
永和JR河内永和西日本旅客鉄道大阪府
80%
栗原・登米くりこま高原東日本旅客鉄道宮城県
75%
高井田高井田中央西日本旅客鉄道大阪府
75%
衣摺衣摺加美北西日本旅客鉄道大阪府
75%
まや摩耶西日本旅客鉄道兵庫県
75%
南越越前たけふ西日本旅客鉄道福井県
75%
麻布麻布十番東京地下鉄東京都
75%
平針原名古屋市交通局愛知県
75%
白島新白島西日本旅客鉄道広島県
75%
八千代八千代中央東葉高速鉄道千葉県
75%
登美ヶ丘学研奈良登美ヶ丘近畿日本鉄道奈良県
75%
白庭白庭台近畿日本鉄道奈良県
75%
上野広小路上野御徒町東京都交通局東京都
75%
浜松町大門東京都交通局東京都
75%
関目関目成育大阪市高速電気軌道大阪府
75%
青海西東京国際クルーズターミナルゆりかもめ東京都
75%
河野原河野原円心智頭急行兵庫県
75%
元町元町・中華街横浜高速鉄道神奈川県
75%
北船橋船橋法典東日本旅客鉄道千葉県
75%
西浦安舞浜東日本旅客鉄道千葉県
75%
瑞光瑞光四丁目大阪市高速電気軌道大阪府
75%
新北浜なにわ橋京阪電気鉄道大阪府
75%
印旛松虫印旛日本医大北総鉄道千葉県
75%
新稲毛稲毛海岸東日本旅客鉄道千葉県
75%
田町第一通り遠州鉄道静岡県
75%
向原小竹向原東京地下鉄東京都
71%
高島新高島横浜高速鉄道神奈川県
71%
岩淵町赤羽岩淵東京地下鉄東京都
67%
赤塚地下鉄赤塚東京地下鉄東京都
67%
西八千代八千代緑が丘東葉高速鉄道千葉県
67%
西新庄新庄田中富山地方鉄道富山県
67%
築地築地市場東京都交通局東京都
67%
志村四丁目志村三丁目東京都交通局東京都
67%
志村一丁目志村坂上東京都交通局東京都
67%
播磨勝原はりま勝原西日本旅客鉄道兵庫県
67%
因幡山形恋山形智頭急行鳥取県
67%
柳町牛込柳町東京都交通局東京都
67%
大原町大原智頭急行岡山県
67%
若松町若松河田東京都交通局東京都
67%
大塚大塚・帝京大学多摩都市モノレール東京都
67%
関下杜せきのした仙台空港鉄道宮城県
67%
高松町光が丘東京都交通局東京都
67%
勤労者団地前宮の沢札幌市交通局北海道
67%
八王子台めじろ台京王電鉄東京都
67%
浦和大門浦和美園埼玉高速鉄道埼玉県
67%
大池大池いこいの森北越急行新潟県
67%
検見川ニュータウン検見川浜東日本旅客鉄道千葉県
67%
羽田空港口天空橋京浜急行電鉄東京都
67%
新那須那須塩原東日本旅客鉄道栃木県
67%
神戸ハーバーランド神戸市交通局兵庫県
67%
小田栄新小田栄東日本旅客鉄道神奈川県
67%
新本庄本庄早稲田東日本旅客鉄道埼玉県
67%
新白石白石蔵王東日本旅客鉄道宮城県
67%
夕陽ヶ丘四天王寺前夕陽ヶ丘大阪市高速電気軌道大阪府
67%
ポートアイランド2期北医療センター神戸新交通兵庫県
67%
豊洲(1)市場前ゆりかもめ東京都
67%
新すすきの豊水すすきの札幌市交通局北海道
67%
筒井新筒井青い森鉄道青森県
67%
鈴鹿本町鈴鹿伊勢鉄道三重県
67%
第2ターミナル空港第2ビル京成電鉄千葉県
63%
動物公園八木山動物公園仙台市交通局宮城県
60%
新高松高松多摩都市モノレール東京都
60%
泉・外旭川新泉外旭川東日本旅客鉄道秋田県
60%
矢田ナゴヤドーム前矢田名古屋市交通局愛知県
60%
浦西てだこ浦西沖縄都市モノレール沖縄県
60%
柏北部東柏たなか首都圏新都市鉄道千葉県
60%
新我孫子天王台東日本旅客鉄道千葉県
60%
若山町南荒子名古屋臨海高速鉄道愛知県
57%
大幸ナゴヤドーム前矢田名古屋ガイドウェイバス愛知県
57%
南豊田三河豊田愛知環状鉄道愛知県
50%
新千駄ヶ谷北参道東京地下鉄東京都
50%
箕面船場箕面船場阪大前北大阪急行電鉄大阪府
50%
文字ヶ関ノーフォーク広場平成筑豊鉄道福岡県
50%
新箕面箕面萱野北大阪急行電鉄大阪府
50%
天神川太秦天神川京都市交通局京都府
50%
北大和学研北生駒近畿日本鉄道奈良県
50%
薬院西薬院大通福岡市交通局福岡県
50%
刈谷新野田新町東海旅客鉄道愛知県
50%
扇大橋北扇大橋東京都交通局東京都
50%
長者町伊勢佐木長者町横浜市交通局神奈川県
50%
春日町練馬春日町東京都交通局東京都
50%
青海ふ頭テレコムセンターゆりかもめ東京都
50%
新羽町新羽横浜市交通局神奈川県
50%
西瑞江瑞江東京都交通局東京都
50%
箱崎水天宮前東京地下鉄東京都
50%
下竹下飛山城跡宇都宮ライトレール栃木県
50%
手稲東宮の沢札幌市交通局北海道
50%
海上公園お台場海浜公園ゆりかもめ東京都
50%
管理センター前芳賀町工業団地管理センター前宇都宮ライトレール栃木県
50%
頸城大島ほくほく大島北越急行新潟県
50%
笹目橋西高島平東京都交通局東京都
50%
国際展示場有明ゆりかもめ東京都
50%
大宮千林大宮大阪市高速電気軌道大阪府
50%
古市新森古市大阪市高速電気軌道大阪府
50%
真嘉比おもろまち沖縄都市モノレール沖縄県
50%
押上新えちご押上ひすい海岸えちごトキめき鉄道新潟県
50%
湾岸新木場東京地下鉄東京都
50%
赤岡あかおか土佐くろしお鉄道高知県
50%
万騎が原南万騎が原相模鉄道神奈川県
50%
野市のいち土佐くろしお鉄道高知県
50%
歌島橋御幣島西日本旅客鉄道大阪府
50%
島名万博記念公園首都圏新都市鉄道茨城県
50%
雑餉隈新桜並木西日本鉄道福岡県
50%
白島新新白島広島高速交通広島県
50%
三宮三宮・花時計前神戸市交通局兵庫県
50%
中之島中央市場前神戸市交通局兵庫県
50%
川口戸塚戸塚安行埼玉高速鉄道埼玉県
50%
新水沢水沢江刺東日本旅客鉄道岩手県
50%
新日暮里西日暮里東日本旅客鉄道東京都
50%
東石神井練馬高野台西武鉄道東京都
50%
国分新信濃国分寺しなの鉄道長野県
50%
陸前中野中野栄東日本旅客鉄道宮城県
50%
片町大阪城北詰西日本旅客鉄道大阪府
50%
JR七条梅小路京都西西日本旅客鉄道京都府
50%
八木沢八木沢・宮古短大三陸鉄道岩手県
50%
東員町役場前東員三岐鉄道三重県
50%
中野中野栄東日本旅客鉄道宮城県
50%
葛城研究学園首都圏新都市鉄道茨城県
50%
与田浦十二橋東日本旅客鉄道千葉県
50%
下増田美田園仙台空港鉄道宮城県
50%
学校美乃浜学園ひたちなか海浜鉄道茨城県
50%
新行徳市川塩浜東日本旅客鉄道千葉県
50%
七北田八乙女仙台市交通局宮城県
50%
新村山新秋津東日本旅客鉄道東京都
50%
泥江国際センター名古屋市交通局愛知県
50%
乞田京王永山京王電鉄東京都
50%
福谷三好ヶ丘名古屋鉄道愛知県
50%
国際ターミナル羽田空港第3ターミナル京浜急行電鉄東京都
50%
増田くびき北越急行新潟県
43%
西六日町魚沼丘陵北越急行新潟県
43%
発寒発寒南札幌市交通局北海道
43%
北仲馬車道横浜高速鉄道神奈川県
43%
富田阿波富田四国旅客鉄道徳島県
40%
テクノポリス東ゆいの杜東宇都宮ライトレール栃木県
40%
清正公前白金高輪東京地下鉄東京都
40%
南青山乃木坂東京地下鉄東京都
40%
荏田江田東急電鉄神奈川県
40%
太秦新撮影所前京福電気鉄道京都府
40%
和布刈公園関門海峡めかり平成筑豊鉄道福岡県
40%
萱丸みどりの首都圏新都市鉄道茨城県
40%
東発寒発寒中央北海道旅客鉄道北海道
40%
顕聖寺うらがわら北越急行新潟県
40%
新鹿島田新川崎東日本旅客鉄道神奈川県
40%
稲積稲積公園北海道旅客鉄道北海道
38%
乞田小田急永山小田急電鉄東京都
33%
汀良首里沖縄都市モノレール沖縄県
33%
戸田谷杁ヶ池公園愛知高速交通愛知県
33%
玉江橋中之島京阪電気鉄道大阪府
33%
東中野中央大学・明星大学多摩都市モノレール東京都
33%
テクノポリス西ゆいの杜西宇都宮ライトレール栃木県
33%
西大路西大路御池京都市交通局京都府
33%
栂・美木多泉北高速鉄道大阪府
33%
谷本藤が丘東急電鉄神奈川県
33%
今泉町宇都宮ライトレール栃木県
33%
小針内宿埼玉新都市交通埼玉県
33%
ポートアイランド2期南計算科学センター神戸新交通兵庫県
33%
柏北部中央柏の葉キャンパス首都圏新都市鉄道千葉県
33%
桝塚北野桝塚愛知環状鉄道愛知県
33%
十二社西新宿五丁目東京都交通局東京都
33%
西高校前内野西が丘東日本旅客鉄道新潟県
33%
豊玉新江古田東京都交通局東京都
33%
二日市南西日本鉄道福岡県
33%
沢田虫川大杉北越急行新潟県
33%
北新宿新宿西口東京都交通局東京都
33%
大通東大通札幌市交通局北海道
33%
名戸ヶ谷新柏東武鉄道千葉県
33%
山中川名名古屋市交通局愛知県
33%
南長崎落合南長崎東京都交通局東京都
33%
吾妻橋二丁目本所吾妻橋東京都交通局東京都
33%
医学部馬出九大病院前福岡市交通局福岡県
33%
南長町太子堂東日本旅客鉄道宮城県
33%
箱崎箱崎宮前福岡市交通局福岡県
33%
西大須大須観音名古屋市交通局愛知県
33%
貝塚公園貝塚福岡市交通局福岡県
33%
葛が谷都筑ふれあいの丘横浜市交通局神奈川県
33%
都島城北公園通西日本旅客鉄道大阪府
33%
新町屋まつもと町屋えちぜん鉄道福井県
29%
川村南川宮名古屋ガイドウェイバス愛知県
29%
吉川よしかわ土佐くろしお鉄道高知県
25%
竹島加島西日本旅客鉄道大阪府
25%
上三依上三依塩原温泉口野岩鉄道栃木県
25%
新寺宮城野通仙台市交通局宮城県
25%
西湖山鳥取大学前西日本旅客鉄道鳥取県
25%
一番町青葉通一番町仙台市交通局宮城県
25%
千代町千代県庁口福岡市交通局福岡県
25%
東桜久屋大通名古屋市交通局愛知県
25%
上新田千里中央北大阪急行電鉄大阪府
25%
蛇田新石巻あゆみ野東日本旅客鉄道宮城県
25%
湘南日野港南台東日本旅客鉄道神奈川県
25%
宇津貫八王子みなみ野東日本旅客鉄道東京都
25%
砂川砂川七番多摩都市モノレール東京都
25%
落合橋新瑞橋名古屋市交通局愛知県
25%
神谷橋王子神谷東京地下鉄東京都
25%
郡山北郡山富田東日本旅客鉄道福島県
25%
春日町春日東京都交通局東京都
25%
天神下湯島東京地下鉄東京都
25%
弥栄末野原愛知環状鉄道愛知県
25%
馬場先門二重橋前東京地下鉄東京都
25%
三園町西高島平東京都交通局東京都
20%
柳が丘高田の鉄橋ひたちなか海浜鉄道茨城県
20%
瓜生小田急永山小田急電鉄東京都
20%
坪井船橋日大前東葉高速鉄道千葉県
20%
コスモスクエアトレードセンター前大阪市高速電気軌道大阪府
20%
九大西門箱崎九大前福岡市交通局福岡県
20%
昭和橋通中島名古屋臨海高速鉄道愛知県
20%
貝ヶ森東北福祉大前東日本旅客鉄道宮城県
20%
尾上町関内横浜市交通局神奈川県
20%
かしの森公園かしの森公園前宇都宮ライトレール栃木県
20%
専修寺東一身田伊勢鉄道三重県
20%
明石町新富町東京地下鉄東京都
20%
テクノポリス中央ゆいの杜中央宇都宮ライトレール栃木県
20%
前島りんくう常滑名古屋鉄道愛知県
17%
手結夜須土佐くろしお鉄道高知県
17%
中間櫛田神社前福岡市交通局福岡県
17%
鍋田長町南仙台市交通局宮城県
17%
宿郷町東宿郷宇都宮ライトレール栃木県
17%
成合青葉台東急電鉄神奈川県
17%
栄町みなと元町神戸市交通局兵庫県
17%
子易緑園都市相模鉄道神奈川県
14%
柏田JR長瀬西日本旅客鉄道大阪府
14%
葛原安部山公園九州旅客鉄道福岡県
13%
堀川二条城前京都市交通局京都府
0%
レトロ中央出光美術館平成筑豊鉄道福岡県
0%
中須古市広島高速交通広島県
0%
瓜生京王永山京王電鉄東京都
0%
今市清明福井鉄道福井県
0%
京王小山多摩境京王電鉄東京都
0%
赤迫西浦上九州旅客鉄道長崎県
0%
浦志新糸島高校前九州旅客鉄道福岡県
0%
真木泰澄の里福井鉄道福井県
0%
近見西熊本九州旅客鉄道熊本県
0%
科学技術交流センター陶磁資料館南愛知高速交通愛知県
0%
鹿部ししぶ九州旅客鉄道福岡県
0%
荒戸大濠公園福岡市交通局福岡県
0%
琴似本通琴似札幌市交通局北海道
0%
新上挙母愛知環状鉄道愛知県
0%
芸大前芸大通愛知高速交通愛知県
0%
古市口五十鈴川近畿日本鉄道三重県
0%
猿投町四郷愛知環状鉄道愛知県
0%
中豊田新豊田愛知環状鉄道愛知県
0%
高田町高田横浜市交通局神奈川県
0%
田原小禄沖縄都市モノレール沖縄県
0%
前田浦添前田沖縄都市モノレール沖縄県
0%
森小路関目高殿大阪市高速電気軌道大阪府
0%
東宿郷駅東公園前宇都宮ライトレール栃木県
0%
JR宇都宮駅東口宇都宮駅東口宇都宮ライトレール栃木県
0%
ベルモール前宇都宮大学陽東キャンパス宇都宮ライトレール栃木県
0%
平出町平石宇都宮ライトレール栃木県
0%
下平出平石中央小学校前宇都宮ライトレール栃木県
0%
長浜谷浜えちごトキめき鉄道新潟県
0%
南新羽北新横浜横浜市交通局神奈川県
0%
作新学院北清陵高校前宇都宮ライトレール栃木県
0%
清原管理センター前清原地区市民センター前宇都宮ライトレール栃木県
0%
大熊仲町台横浜市交通局神奈川県
0%
皿池岸里大阪市高速電気軌道大阪府
0%
長吉出戸大阪市高速電気軌道大阪府
0%
清原工業団地北グリーンスタジアム前宇都宮ライトレール栃木県
0%
駒川駒川中野大阪市高速電気軌道大阪府
0%
北15条環状通東札幌市交通局北海道
0%
津池美佐島北越急行新潟県
0%
海浜緑地コスモスクエア大阪市高速電気軌道大阪府
0%
あけぼの星置北海道旅客鉄道北海道
0%
東芽室大成北海道旅客鉄道北海道
0%
下野幌新札幌北海道旅客鉄道北海道
0%
豊里だいどう豊里大阪市高速電気軌道大阪府
0%
豊永南永山北海道旅客鉄道北海道
0%
西センター彩都西大阪モノレール大阪府
0%
本田技研北門芳賀・高根沢工業団地宇都宮ライトレール栃木県
0%
三輪西北見北海道旅客鉄道北海道
0%
札幌新道新道東札幌市交通局北海道
0%
御成橋県庁前沖縄都市モノレール沖縄県
0%
小泉愛し野北海道旅客鉄道北海道
0%
末吉市立病院前沖縄都市モノレール沖縄県
0%
紙敷東松戸北総鉄道千葉県
0%
みなとみらい中央みなとみらい横浜高速鉄道神奈川県
0%
六甲島北アイランド北口神戸新交通兵庫県
0%
由木平南大沢京王電鉄東京都
0%
立飛多摩都市モノレール東京都
0%
公所つきみ野東急電鉄神奈川県
0%
岸本香我美土佐くろしお鉄道高知県
0%
松坂白沢渓谷名古屋ガイドウェイバス愛知県
0%
影石あわくら温泉智頭急行岡山県
0%
松川橋川村名古屋ガイドウェイバス愛知県
0%
新泉泉体育館多摩都市モノレール東京都
0%
野猿街道大塚・帝京大学多摩都市モノレール東京都
0%
土佐田野田野土佐くろしお鉄道高知県
0%
清水ヶ岡総合リハビリセンター名古屋市交通局愛知県
0%
寺井空港通り高松琴平電気鉄道香川県
0%
山下通瑞穂運動場東名古屋市交通局愛知県
0%
西公園大町西公園仙台市交通局宮城県
0%
千種台自由ヶ丘名古屋市交通局愛知県
0%
勾当台勾当台公園仙台市交通局宮城県
0%
品川新高輪ゲートウェイ東日本旅客鉄道東京都
0%
新小川すずかけ台東急電鉄東京都
0%
南つくし野すずかけ台東急電鉄東京都
0%
瓦山台原仙台市交通局宮城県
0%
久松町東日本橋東京都交通局東京都
0%
志村団地新高島平東京都交通局東京都
0%
蛎殻町水天宮前東京地下鉄東京都
0%
大和町板橋本町東京都交通局東京都
0%
駕籠町千石東京都交通局東京都
0%
春江一之江東京都交通局東京都
0%
一ツ木赤坂東京地下鉄東京都
0%
二本榎高輪台東京都交通局東京都
0%
小川つくし野東急電鉄東京都
0%
元浅草新御徒町東京都交通局東京都
0%
清水谷茗荷谷東京地下鉄東京都
0%
上沼田東公園西新井大師西東京都交通局東京都
0%
北草加獨協大学前東武鉄道埼玉県
0%
土橋宮前平東急電鉄神奈川県
0%
元石川たまプラーザ東急電鉄神奈川県
0%
恩田田奈東急電鉄神奈川県
0%
泉崎富沢仙台市交通局宮城県
0%
広瀬橋長町一丁目仙台市交通局宮城県
0%
折戸日進名古屋鉄道愛知県
0%
元町旧居留地・大丸前神戸市交通局兵庫県
0%
上原上豊田名古屋鉄道愛知県
0%
岩崎橋ドーム前阪神電気鉄道大阪府
0%
御所の台あきた白神東日本旅客鉄道秋田県
0%
新田東小鶴新田東日本旅客鉄道宮城県
0%
六甲島南マリンパーク神戸新交通兵庫県
0%
六甲島中央アイランドセンター神戸新交通兵庫県
0%
東大宮東日本旅客鉄道埼玉県
0%
美園東川口東日本旅客鉄道埼玉県
0%
新滋賀里唐崎西日本旅客鉄道滋賀県
0%
新大船本郷台東日本旅客鉄道神奈川県
0%
矢部野洋光台東日本旅客鉄道神奈川県
0%
新町千葉みなと東日本旅客鉄道千葉県
0%
鷺沼新習志野東日本旅客鉄道千葉県
0%
若松町南船橋東日本旅客鉄道千葉県
0%
新砂町新木場東日本旅客鉄道東京都
0%
八柱新八柱東日本旅客鉄道千葉県
0%
和泉町いずみ野相模鉄道神奈川県
0%
新橋町弥生台相模鉄道神奈川県
0%
新大泉大泉三岐鉄道三重県
0%
中野栗林公園北口四国旅客鉄道香川県
0%
名古屋競馬場港北名古屋臨海高速鉄道愛知県
0%
伊奈谷和原みらい平首都圏新都市鉄道千葉県
0%
越前朝日九頭竜湖西日本旅客鉄道福井県
0%
新可部河戸帆待川西日本旅客鉄道広島県
0%
高須東尾道西日本旅客鉄道広島県
0%
西吹田南吹田西日本旅客鉄道大阪府
0%
桜橋北新地西日本旅客鉄道大阪府
0%
米田十府ヶ浦海岸三陸鉄道岩手県
0%
大町讃岐牟礼四国旅客鉄道香川県
0%
元山木太町四国旅客鉄道香川県
0%
妙覚寺古高松南四国旅客鉄道香川県
0%
本宮高知商業前四国旅客鉄道高知県
0%
西浦枝川四国旅客鉄道高知県
0%
此花臨海ユニバーサルシティ西日本旅客鉄道大阪府
0%
梶栗梶栗郷台地西日本旅客鉄道山口県
0%
西大久保東新宿東京都交通局東京都
0%
新西ターミナル羽田空港第1ターミナル東京モノレール東京都
0%
本郷南郷13丁目札幌市交通局北海道
0%
北13条北13条東札幌市交通局北海道
0%
流通センター前南郷18丁目札幌市交通局北海道
0%
北5条西28丁目札幌市交通局北海道
0%
陽東陽東3丁目宇都宮ライトレール栃木県
0%
南郷南郷7丁目札幌市交通局北海道
0%

Score Distribution

Percentile by Number Answered

Percent of People with Each Score

Your Score History

You have not taken this quiz since the last reset